00454nmm a2200157Ia 4500008004100000041000800041100002200049245002100071264008000092300001600172490002100188650001200209856005100221942000700272999001700279251105s9999||||xx |||||||||||||||||und|| aspa aDouglas, Michelle 0aMi nueva familia a[Madrid, España] :bHarlequin, c[Fecha de publicación no identificada] a0 páginas a'Bellaroo Creek' aRomance uhttps://public.digitaliapublishing.com/a/92645 cCF c98488d98488